The Flash Show - Statistics

General Stats
  • This quiz has been taken 414 times
    413 since last reset
  • The average score is 13 of 21
Answer Stats
Hint Answer % Correct
The Flash Barry Allen
99%
Founder of S.T.A.R. Labs Harrison Wells
94%
Creator of the Cold Gun Cisco
91%
Barry's foster Dad Joe West
91%
Barry's foster Sister Iris West
90%
Actor of The Flash Grant Gustin
87%
Mutated Gorrila Grodd
86%
Barry's Mom Nora Allen
86%
Who is Leonard Snart Captain Cold
85%
Villan in Earth 2 Zoom
77%
Name of the prison where barry's dad went to prison IronHeights
70%
Title of the first episode Pilot
70%
Gave Barry his powers Particle Accelerator
63%
The Reverse Flash Eobard Thawne
56%
Flash in Earth 2 Jay Garrick
41%
Crossover show The Arrow
32%
New emblem upgrade White flash symbol
18%
What is the second episode called The Fastest Man Alive
17%
Flashes new power in season 2 Throwing Lightning
13%
Name of the season 2 villan Atom Smasher
3%
New suit upgrade Thermal Heating
1%
No matching quizzes found
Score Distribution
Percent of People with Each Score
Percentile by Number Answered
Your Score History
You have not taken this quiz since the last reset